• 首页
  • 本馆介绍
  • 公告通知
  • 最新文献
  • 馆藏检索
  • 电子资源
  • 读者导购
  • 参考咨询
  • 我的图书馆
  • 登录
  • 详细信息显示
  • 放入我的书架
  • 预约/预借图书
  • 作者相关作品
  • 分类相关作品
  • 丛书相关作品
  • 出版社相关作品

书目信息

  • 表格格式
  • 工作单格式
  • 卡片格式
题名:
信息化环境下的大学课堂生态研究
    
 
作者: 陈中 著
分册:  
出版信息: 长春   吉林大学出版社  2020.06
页数: 189页
开本: 24cm
丛书名:
单 册:
中图分类: G642.421
科图分类:
主题词: 课堂教学--ke tang jiao xue--教学研究--高等学校
电子资源:
ISBN: 978-7-5692-6265-0
000 01032nam0 2200241 450
001 0104125620
005 20201104125712.0
010    @a978-7-5692-6265-0@dCNY50.00
100    @a20200816d2020 em y0chiy50 ea
101 0  @achi
102    @aCN@b220000
105    @ay z 000yy
106    @ar
200 1  @a信息化环境下的大学课堂生态研究@Axin xi hua huan jing xia de da xue ke tang sheng tai yan jiu@f陈中著
210    @a长春@c吉林大学出版社@d2020.06
215    @a189页@d24cm
300    @a教育部人文社会科学研究青年基金项目“信息化环境下的大学课堂生态:变革、问题与对策”
330    @a本书主要内容包括:1.剖析了大学课堂生态系统的结构;2.分析了信息化对大学课堂生态系统的影响;3.提取了大学生课堂学习收获影响的信息化因子;4.验证了信息化对大学生课堂学习收获影响的理论模型;5.提出了信息化背景下的大学生课堂学习获得感提升策略。
606 0  @a课堂教学@Ake tang jiao xue@x教学研究@x高等学校
690    @aG642.421@v5
701  0 @a陈中@Achen zhong@f(1982-)@4著
801  0 @aCN@bBJSZM@c20201104
905    @b1260356-60@dG642.421@e1652@f5
    
    信息化环境下的大学课堂生态研究/陈中著.-长春:吉林大学出版社,2020.06
    189页;24cm
    教育部人文社会科学研究青年基金项目“信息化环境下的大学课堂生态:变革、问题与对策”
    
    ISBN 978-7-5692-6265-0:CNY50.00
    本书主要内容包括:1.剖析了大学课堂生态系统的结构;2.分析了信息化对大学课堂生态系统的影响;3.提取了大学生课堂学习收获影响的信息化因子;4.验证了信息化对大学生课堂学习收获影响的理论模型;5.提出了信息化背景下的大学生课堂学习获得感提升策略。
●
相关链接 在E读中查询图书 在五车中查询图书 在当当中查询图书 在豆瓣中查询图书


正题名:信息化环境下的大学课堂生态研究     索取号:G642.421/1652         预约/预借

序号 登录号 条形码 馆藏地/架位号 状态 备注
1 1260356   212603565   教育系资料室/ [索取号:G642.421/1652] 在馆    
2 1260357   212603574   教育系资料室/ [索取号:G642.421/1652] 在馆    
3 1260358   212603583   教育系资料室/ [索取号:G642.421/1652] 在馆    
4 1260359   212603592   第四借阅区/ [索取号:G642.421/1652] 在馆    
5 1260360   212603609   第四借阅区/ [索取号:G642.421/1652] 在馆    
6 1287837   212878377   第一样本阅览室/ [索取号:G642.421/1652] 在馆    
7 1287838   212878386   第四借阅区/ [索取号:G642.421/1652] 在馆    
8 1287839   212878395   第四借阅区/ [索取号:G642.421/1652] 在馆    
9 1287840   212878402   第四借阅区/ [索取号:G642.421/1652] 在馆    
唐山师范学院图书馆 欢迎您!
大连网信软件有限公司© 版权所有